000 00403nam a2200169Ia 4500
003 IT-RoPAU
008 120407s9999 xx 000 0 und d
040 _aIT-RoPAU
040 _cIT-RoPAU
100 _aMartin Lutero
245 _aOpere scelte. Il piccolo catechismo. Il grande catechismo (1529)
260 _aClaudiana
300 _c cm
490 _v1
700 _aFulvio Ferrario
942 _cBK
999 _c2082
_d2082